5-to-1: Two-Digit Numbers Quiz Stats

 Plays Quiz Updated Jul 29, 2017

Support Sporcle.
Go Orange.
Score 0/15 Timer 01:00
2 Plays Today
% Correct
16
90.1%
37
87.6%
41
82.5%
59
82.2%
81
80.1%
79
77.5%
49
77.4%
27
64.5%
% Correct
97
62.6%
84
61.8%
21
55.2%
55
46.6%
34
43%
32
41.9%
91
28.3%

You're not logged in!

Compare scores with friends on all Sporcle quizzes.
OR
Log In

From the Vault

20th Century Science Match-Up

by khands

Who was the guy who invented flying cars again?
Remove Ads.
Support Sporcle.
Get the best of Sporcle when you Go Orange. This ad-free experience offers more features, more stats, and more fun while also helping to support Sporcle. Thank you for becoming a member.

Show Comments

Extras

Top Quizzes Today


Score Distribution

Your Account Isn't Verified!

In order to create a playlist on Sporcle, you need to verify the email address you used during registration. Go to your Sporcle Settings to finish the process.

Report this User

Report this user for behavior that violates our Community Guidelines.

Details: